Chicoreés witloof = Witloof chicories.

Bibliographic Details
Corporate Author: Organisation for Economic Co-operation and Development
Format: Book
Language:English
French
Published: Paris : Organisation de coopération et de développement économiques ; [1994]
Series:International standardisation of fruit and vegetables.
Subjects:

MARC

Tag First Indicator Second Indicator Subfields
LEADER 00000cam a22000005a 4500
001 in00001211521
005 20151002075443.0
008 941026s1994 fr a i000 0 eng d
020 |a 9264041176 
035 |a (OCoLC)31360233 
035 |9 AGP2942AM 
040 |a PLF  |c PLF  |d TXA  |d UtOrBLW 
041 0 |a eng  |a fre 
049 |a TXAM 
090 |a SB351.C5  |b C47 1994 
245 0 0 |a Chicoreés witloof =  |b Witloof chicories. 
246 3 1 |a Witloof chicories. 
264 1 |a Paris :  |b Organisation de coopération et de développement économiques ;  |c [1994] 
264 2 |a [Washington, D.C.] :  |b [OECD Publications and Information Centre, distributor], 
264 4 |c ©1994 
300 |a 81 pages :  |b color illustrations ;  |c 23 cm. 
336 |a text  |b txt  |2 rdacontent 
337 |a unmediated  |b n  |2 rdamedia 
338 |a volume  |b nc  |2 rdacarrier 
490 1 |a Normalisation internationale des fruits et légumes =  |a International standardisation of fruit and vegetables 
500 |a English and French. 
650 0 |a Belgian endive  |x Standards. 
710 2 |a Organisation for Economic Co-operation and Development. 
740 0 |a Witloof chicories. 
830 0 |a International standardisation of fruit and vegetables. 
999 |a MARS 
999 f f |s b213e24a-a496-3cca-ad06-b5c09e6cfb44  |i 07247ae1-e390-353f-87af-5fdde6d80ce6  |t 0 
952 f f |p ric  |a Texas A&M University  |b Rellis Campus  |c Joint Library Facility  |d Remote Storage  |t 0  |e SB351.C5 C47 1994  |h Library of Congress classification  |i unmediated -- volume  |m A14818979838 
998 f f |a SB351.C5 C47 1994  |t 0  |l Remote Storage